|
|
|
|
| LEADER |
01574aam a22004098a 4500 |
| 001 |
000023918 |
| 003 |
20371 |
| 005 |
20160509100528.0 |
| 008 |
160505s2015 viesd |
| 020 |
|
|
|d 2000b
|
| 041 |
0 |
|
|a vie
|
| 082 |
0 |
4 |
|2 23
|a 398.242
|b Sưt
|
| 245 |
0 |
0 |
|a Sự tích cây Kơ Nia
|c Kể: Hrui Duah Čih Mblang ; S.t., dịch: Trương Bi, Kna Y Wơn
|
| 260 |
|
|
|a H.
|b Khoa học xã hội
|c 2015
|
| 300 |
|
|
|a 287 tr.
|c 21 cm.
|
| 500 |
|
|
|a ĐTTS ghi: Hội Văn nghệ dân gian Việt Nam
|
| 650 |
0 |
4 |
|2 Bộ TK TVQG
|a Văn học dân gian
|x Nghiên cứu
|
| 650 |
0 |
4 |
|a Truyện cổ
|x Cây Kơ-nia
|
| 651 |
|
7 |
|2 Bộ TK TVQG
|a Việt Nam
|
| 653 |
|
|
|a Sự tích
|
| 653 |
|
|
|a Cây Kơ Nia
|
| 655 |
|
7 |
|2 Bộ TK TVQG
|a Truyện cổ
|
| 700 |
1 |
|
|a Kna Y Wơn
|e s.t., dịch
|
| 700 |
1 |
|
|a Hrui Duah Čih Mblang
|e kể
|
| 700 |
1 |
|
|a Trương Bi
|e s.t., dịch
|
| OWN |
|
|
|a LSP
|
| AVA |
|
|
|a UDN50
|b LNN
|d 895.922 TR-B
|e available
|t Error 5001 Not defined in file expand_doc_bib_avail.
|f 1
|g 0
|h N
|i 0
|
| AVA |
|
|
|a UDN50
|b LSP
|d 398.242 Sưt
|e available
|t Error 5001 Not defined in file expand_doc_bib_avail.
|f 1
|g 0
|h N
|i 0
|k 1
|
| 999 |
|
|
|a From the UDN01
|
| AVA |
|
|
|a UDN50
|b LNN
|d 895.922 TR-B
|e available
|t Error 5001 Not defined in file expand_doc_bib_avail.
|f 1
|g 0
|h N
|i 0
|
| AVA |
|
|
|a UDN50
|b LSP
|d 398.242 Sưt
|e available
|t Error 5001 Not defined in file expand_doc_bib_avail.
|f 1
|g 0
|h N
|i 0
|k 1
|
| TYP |
|
|
|a Monograph
|
| TYP |
|
|
|a Printed language
|
| 980 |
|
|
|a Mạng thư viện Đại học Đà Nẵng
|